Universal human rights in theory and practice (Record no. 1388)

000 -LEADER
fixed length control field 00636nam a22002177a 4500
003 - CONTROL NUMBER IDENTIFIER
control field OSt
005 - DATE AND TIME OF LATEST TRANSACTION
control field 20140928110330.0
008 - FIXED-LENGTH DATA ELEMENTS--GENERAL INFORMATION
fixed length control field 140928b xxu||||| |||| 00| 0 eng d
020 ## - INTERNATIONAL STANDARD BOOK NUMBER
International Standard Book Number 9780801450952
050 ## - LIBRARY OF CONGRESS CALL NUMBER
Classification number JC571 .D755 2013
100 ## - MAIN ENTRY--PERSONAL NAME
Personal name Donnelly, Jack.
245 ## - TITLE STATEMENT
Title Universal human rights in theory and practice
Statement of responsibility, etc Jack Donnelly.
250 ## - EDITION STATEMENT
Edition statement 3rd ed.
260 ## - PUBLICATION, DISTRIBUTION, ETC. (IMPRINT)
Place of publication, distribution, etc Ithaca
Name of publisher, distributor, etc Cornell University Press
Date of publication, distribution, etc 2013
300 ## - PHYSICAL DESCRIPTION
Extent x, 320 pages ;
Dimensions 23 cm
504 ## - BIBLIOGRAPHY, ETC. NOTE
Bibliography, etc Includes bibliographical references and index.
650 ## - SUBJECT ADDED ENTRY--TOPICAL TERM
Topical term or geographic name as entry element Civil rights.
650 ## - SUBJECT ADDED ENTRY--TOPICAL TERM
Topical term or geographic name as entry element Cultural relativism.
650 ## - SUBJECT ADDED ENTRY--TOPICAL TERM
Topical term or geographic name as entry element Human rights.
942 ## - ADDED ENTRY ELEMENTS (KOHA)
Source of classification or shelving scheme
Koha item type Book
Holdings
Withdrawn status Lost status Source of classification or shelving scheme Damaged status Not for loan Home library Current library Shelving location Date acquired Total Checkouts Full call number Barcode Date last seen Date checked out Copy number Price effective from Koha item type Total Renewals
          Riara University Library Riara University Library General stack 28/09/2014 6 JC571 .D755 2013 4970/14 08/04/2019 05/04/2019 C.1 28/09/2014 Book  
          Riara University Library Riara University Library General stack 28/09/2014 15 JC571 .D755 2013 4971/14 23/10/2024 19/09/2024 C.2 28/09/2014 Book 2
          Riara University Library Riara University Library General stack 28/09/2014 10 JC571 .D755 2013 4972/14 01/10/2019 18/06/2019 C.3 28/09/2014 Book 1

Riara University Library,
P.O. Box 49940-00100,
Nairobi, Kenya.